[Event "6th Women GP"]
[Site "Doha QAT"]
[Date "2011.02.25"]
[Round "4"]
[White "Mkrtchian,L"]
[Black "Chiburdanidze,M"]
[Result "0-1"]
[WhiteElo "2475"]
[BlackElo "2502"]

1.d4 Nf6 2.c4 e6 3.Nc3 Bb4 4.e3 c5 5.Ne2 cxd4 6.exd4 d5 7.c5 Ne4 8.Bd2 Nc6
9.a3 Bxc3 10.Nxc3 Qh4 11.Nxe4 Qxe4+ 12.Be3 e5 13.Qa4 O-O 14.O-O-O exd4 15.Bd3 Qe5
16.Bd2 Bf5 17.Qc2 Bxd3 18.Qxd3 Qe4 19.Qg3 a5 20.Rhe1 Qf5 21.Bh6 Qg6 22.Bf4 Rfe8
23.Qxg6 hxg6 24.f3 a4 25.Kc2 f6 26.Kd3 Kf7 27.Bg3 Ra5 28.Rxe8 Kxe8 29.Bd6 Rb5
30.Kc2 Kf7 31.h4 Na5 32.Rxd4 Nc4 33.Kc1 Ke6 34.Bf8 Nxb2 35.Bxg7 Nc4 36.Rf4 f5
37.g4 Rxc5 38.h5 gxh5 39.gxh5 Nxa3+ 40.Kd1 Rc4 41.Rxc4 Nxc4 42.Kc2 Kf7 43.h6 Kg6
44.Kc3 a3 45.f4 Na5 46.Kb4 Nc6+ 47.Kxa3 Nd8 48.Kb4 Ne6 49.Be5 Kxh6 50.Kb5 Kh5
51.Kb6 d4 52.Kxb7 d3  0-1

[Event "6th Women GP"]
[Site "Doha QAT"]
[Date "2011.02.28"]
[Round "6"]
[White "Koneru,H"]
[Black "Chiburdanidze,M"]
[Result "1-0"]
[WhiteElo "2607"]
[BlackElo "2502"]

1.d4 Nf6 2.c4 e6 3.Nc3 Bb4 4.e3 c5 5.Ne2 cxd4 6.exd4 d5 7.c5 Ne4 8.Bd2 Nc6
9.Nxe4 dxe4 10.Bxb4 Nxb4 11.Qa4+ Nc6 12.Rd1 Qg5 13.g3 e3 14.fxe3 Qxe3 15.Bg2 Bd7
16.Qc4 O-O 17.Rd3 Qh6 18.O-O Rab8 19.b4 e5 20.d5 e4 21.Qxe4 Rbe8 22.dxc6 Bxc6
23.Qg4 Bb5 24.Nf4 Bxd3 25.Nxd3 Qe3+ 26.Nf2 Re7 27.Qf4 Qa3 28.Qc4 Rd8 29.b5 Rd2
30.c6 bxc6 31.bxc6 Qa5 32.a4 h6 33.Ne4 Qb6+ 34.Kh1 Rd4 35.Qc2 Qa5 36.Rb1 g6
37.h4 Kg7 38.Qc5 Qxc5 39.Nxc5 Rc4 40.Nb7 Re3 41.Nd6 Rc5 42.Rb7  1-0

[Event "6th Women GP"]
[Site "Doha QAT"]
[Date "2011.03.01"]
[Round "7"]
[White "Chiburdanidze,M"]
[Black "Fierro Baquero,M"]
[Result "1-0"]
[WhiteElo "2502"]
[BlackElo "2353"]

1.d4 Nf6 2.c4 g6 3.Nf3 Bg7 4.g3 O-O 5.Bg2 d6 6.Nc3 Nc6 7.O-O Bf5 8.Ne1 Na5
9.e4 Bg4 10.Qd3 c5 11.d5 a6 12.Rb1 Bd7 13.b3 Rb8 14.Nc2 Qc7 15.h3 Rfc8 16.Bd2 b5
17.Kh2 bxc4 18.bxc4 Rxb1 19.Rxb1 Rb8 20.Rxb8+ Qxb8 21.Ne2 Qb6 22.Ne3 Nb7
23.Qa3 Ne8 24.h4 Nc7 25.Qb3 Qxb3 26.axb3 a5 27.Bh3 Bxh3 28.Kxh3 Na8 29.Nc3 Bxc3
30.Bxc3 Nb6 31.Kg2 a4 32.bxa4 Nxa4 33.Bd2 h5 34.f4 f6 35.Kf3 Kf7 36.g4 hxg4+
37.Kxg4 Nb2 38.f5 Nd3 39.fxg6+ Kxg6 40.h5+ Kf7 41.Kf5 Ne5 42.Bc3 Nf3 43.Kg4 Ng5
44.Kf5 Nf3 45.Kf4 Nd4 46.Kg4 Ne2 47.Bd2 Nd4 48.Nf5 Nb3 49.h6 Kg6 50.Nxe7+ Kh7
51.Bf4 N3a5 52.Kf5 Nxc4 53.Kxf6 Nb6 54.Ng6 Nd7+ 55.Ke7 Kxg6 56.Kxd7 c4 57.Kc6 Nc5
58.e5 dxe5 59.Kxc5  1-0

[Event "6th Women GP"]
[Site "Doha QAT"]
[Date "2011.03.02"]
[Round "8"]
[White "Cramling,P"]
[Black "Chiburdanidze,M"]
[Result "1/2-1/2"]
[WhiteElo "2516"]
[BlackElo "2502"]

1.Nf3 Nf6 2.c4 e6 3.Nc3 Bb4 4.Qc2 O-O 5.a3 Bxc3 6.Qxc3 c5 7.g3 b6 8.Bg2 Bb7
9.O-O d5 10.b4 dxc4 11.Qxc4 Bd5 12.Qc2 cxb4 13.axb4 Nc6 14.Qb2 Bxf3 15.Bxf3 Nd4
16.Bxa8 Nxe2+ 17.Kg2 Qxa8+ 18.f3 Qd5 19.Ra3 h5 20.Re1 Nxc1 21.Qxc1 Rd8 22.d3 Qd4
23.Qc3 Qxc3 24.Rxc3 Nd5 25.Rb3 Rc8 26.Re2 Rc1 27.b5 g6 28.f4 Ra1 29.Kf3 a5
30.bxa6 Rxa6 31.Rd2 Kg7 32.Rbb2 Ra1 33.Ra2 Rf1+ 34.Rf2 Rd1 35.Rfd2 Rf1+ 36.Rf2 Rd1
37.Rad2 Rh1 38.Rb2 Re1 39.Rfe2 Rd1 40.Red2 Rf1+ 41.Rf2 Rd1 42.Rfd2 Rf1+ 43.Rf2 Rd1
44.Rfd2  1/2-1/2

[Event "6th Women GP"]
[Site "Doha QAT"]
[Date "2011.03.04"]
[Round "10"]
[White "Sebag,M"]
[Black "Chiburdanidze,M"]
[Result "1/2-1/2"]
[WhiteElo "2489"]
[BlackElo "2502"]

1.e4 e6 2.d4 d5 3.Nd2 dxe4 4.Nxe4 Nd7 5.Nf3 Ngf6 6.Bd3 Nxe4 7.Bxe4 Nf6 8.Bg5 Be7
9.Bd3 O-O 10.O-O b6 11.Bxf6 Bxf6 12.Be4 Rb8 13.Qd3 g6 14.Rad1 Qd6 15.Rfe1 Rd8
16.Qe2 Bd7 17.c3 Bc6 18.Nd2 Bg7 19.Nc4 Qd7 20.Ne5 Bxe5 21.dxe5 Qe8 22.h4 h5
23.g3  1/2-1/2

[Event "ACP Women Cup 2012"]
[Site "Tbilisi GEO"]
[Date "2012.02.18"]
[Round "1.3"]
[White "Mamedjarova,Z"]
[Black "Chiburdanidze,M"]
[Result "0-1"]
[WhiteElo "2318"]
[BlackElo "2500"]

1.d4 d5 2.c4 e6 3.Nf3 Nf6 4.Bf4 Be7 5.Nc3 O-O 6.e3 c5 7.cxd5 exd5 8.Bd3 Bg4
9.h3 Bxf3 10.Qxf3 cxd4 11.exd4 Nc6 12.Be3 Qb6 13.O-O Rad8 14.a3 Qxb2 15.Rfc1 Qb6
16.Rab1 Qc7 17.Nb5 Qa5 18.Bf4 Ne8 19.Qh5 g6 20.Qd1 Rd7 21.a4 Bf6 22.Be3 Bg7
23.Rc5 Qd8 24.Nc3 Nxd4 25.Bxg6 Ne6 26.Rxd5 Rxd5 27.Bxh7+ Kxh7 28.Nxd5 b6
29.Rb4 Nf6 30.Qc2+ Kg8 31.Nxf6+ Qxf6 32.Rg4 Rd8 33.Bc1 Nd4 34.Qc7 Ne2+ 35.Kf1 Nc3
36.g3 Rd1+ 37.Kg2 Rxc1 38.Qc8+ Kh7 39.Rh4+ Bh6 40.Rg4 Qxf2+ 41.Kxf2 Nd1+
42.Ke1 Rxc8 43.Kxd1 Rc5 44.Rd4 Ra5 45.Kc2 Bg7 46.Rd7 Kg6 47.Kb3 Be5 48.g4 Bg3
49.Rd3 Bh4 50.Rd6+ f6 51.Rd7 Bg3 52.Rd3 Bh4 53.Rd7 Kg5 54.Rh7 Bg3 55.Rg7+ Kf4
56.Rf7 Kg5 57.Rg7+ Kh6 58.Rf7 Kg6 59.Rd7 Kg5 60.Rg7+ Kf4 61.Rf7 Bh4 62.Rd7 Bg5
63.Rd4+ Ke3 64.Rd7 Kf3 65.Rd3+ Kg2 66.Kb4 Re5 67.Rd7 a5+ 68.Kc4 Re4+  0-1

[Event "ACP Women Cup 2012"]
[Site "Tbilisi GEO"]
[Date "2012.02.18"]
[Round "2.4"]
[White "Chiburdanidze,M"]
[Black "Cmilyte,V"]
[Result "1-0"]
[WhiteElo "2500"]
[BlackElo "2503"]

1.d4 Nf6 2.Nf3 e6 3.c4 c5 4.e3 a6 5.Nc3 d5 6.a3 Nc6 7.b3 Bd6 8.Bd3 O-O 9.O-O Qe7
10.Bb2 b6 11.Na4 Rb8 12.Qc2 h6 13.dxc5 bxc5 14.cxd5 exd5 15.Bxf6 Qxf6 16.Nxc5 Ne5
17.Nxe5 Qxe5 18.g3 Bxc5 19.Qxc5 Rxb3 20.Bc4 Rc3 21.Qxd5 Qf6 22.Be2 Rd8 23.Qa5 Rc2
24.Rad1 Rxd1 25.Rxd1 Rxe2 26.Qd8+ Qxd8 27.Rxd8+ Kh7 28.Rxc8 Ra2 29.Rc3 h5
30.Rc5 Rxa3 31.Rxh5+ Kg6 32.Rc5 a5 33.Kg2 Ra2 34.h4 f6 35.g4 a4 36.Ra5 Ra1
37.Kg3 Ra2 38.f3 a3 39.h5+ Kh6 40.Kf4 Ra1 41.Ra8 Kh7 42.Kf5 Rf1 43.f4 Ra1
44.h6 gxh6 45.Ra7+ Kg8 46.Kg6 Kf8 47.Kxf6 Ke8 48.e4 a2 49.Kf5 Kd8 50.e5 Ke8
51.e6 Kd8 52.Ke4  1-0

[Event "ACP Women Cup 2012"]
[Site "Tbilisi GEO"]
[Date "2012.02.19"]
[Round "3.4"]
[White "Lahno,Kateri"]
[Black "Chiburdanidze,M"]
[Result "1/2-1/2"]
[WhiteElo "2557"]
[BlackElo "2500"]

1.e4 e6 2.d4 d5 3.e5 c5 4.c3 Nc6 5.Nf3 Bd7 6.Be2 Nge7 7.O-O Nf5 8.dxc5 Bxc5
9.Bd3 Nh4 10.Nbd2 Ng6 11.Nb3 Bb6 12.Re1 Bc7 13.Bxg6 hxg6 14.Nc5 b6 15.Na6 Qc8
16.Nxc7+ Qxc7 17.Bg5 Bc8 18.c4 dxc4 19.Qa4 Bb7 20.Qxc4 Rc8 21.Rac1 Qb8 22.Qa4 O-O
23.Qh4 Na5 24.b4 Bxf3 25.bxa5 Rxc1 26.Rxc1 Bd5 27.axb6 Rc8 28.Rxc8+ Qxc8
29.bxa7 Qb7 30.Bc1 Qxa7 31.Qd8+ Kh7 32.Qh4+ Kg8  1/2-1/2

[Event "ACP Women Cup 2012"]
[Site "Tbilisi GEO"]
[Date "2012.02.19"]
[Round "4.3"]
[White "Chiburdanidze,M"]
[Black "Kosintseva,T"]
[Result "1/2-1/2"]
[WhiteElo "2500"]
[BlackElo "2513"]

1.d4 Nf6 2.Nf3 d5 3.c4 e6 4.e3 Be7 5.Nbd2 O-O 6.b3 b6 7.Bb2 Bb7 8.Bd3 Nbd7
9.cxd5 Nxd5 10.O-O c5 11.Qe2 cxd4 12.Nxd4 Nc5 13.Bc4 Bf6 14.Rfd1 Qe7 15.Rac1 Rfd8
16.g3 g6 17.Ba3 e5 18.N4f3 e4 19.Bxd5 Rxd5 20.Ne1 Rad8 21.Nc4 Qd7 22.Rxd5 Qxd5
23.Bb2 Nd3 24.Rc2 Bxb2 25.Nxb2 Ba6 26.Rc7 Nb4 27.Nc4 Nc6 28.Kg2 h5 29.h4 Ne5
30.Nc2 Nf3 31.Nb4 Bxc4 32.Qxc4 Qf5 33.Nc6 Nxh4+ 34.gxh4 Qg4+ 35.Kh2 Qxh4+
36.Kg2 Qg4+ 37.Kh2 Qh4+ 38.Kg2  1/2-1/2

[Event "ACP Women Cup 2012"]
[Site "Tbilisi GEO"]
[Date "2012.02.19"]
[Round "5.5"]
[White "Cramling,P"]
[Black "Chiburdanidze,M"]
[Result "1/2-1/2"]
[WhiteElo "2491"]
[BlackElo "2500"]

1.d4 e6 2.c4 f5 3.g3 Nf6 4.Bg2 c6 5.Qc2 d5 6.Nh3 Bd6 7.Bf4 O-O 8.O-O b6 9.Nd2 Bb7
10.cxd5 cxd5 11.Nc4 Bxf4 12.Nxf4 Qc8 13.Na3 Qxc2 14.Nxc2 Kf7 15.Nb4 Nbd7
16.Rfc1 Rfc8 17.h4 a5 18.Nbd3 Ke7 19.Bf1 Ne4 20.e3 Rxc1 21.Rxc1 Rc8 22.Rxc8 Bxc8
23.Nc1 Nd6 24.f3 Bb7 25.Kf2 Bc6 26.Bd3 Bb5 27.Bxb5 Nxb5 28.Ncd3 Kd6 29.Ke2 g6
30.Kd2 Na7 31.Ne2 Nc6 32.Nc3 Nf6 33.Nb5+ Kd7 34.Nf4 Ne7 35.Ke2 Nc6 36.Kd2 Ne7
37.Ke2 Nc6 38.Kd2  1/2-1/2

[Event "ACP Women Cup 2012"]
[Site "Tbilisi GEO"]
[Date "2012.02.20"]
[Round "6.2"]
[White "Chiburdanidze,M"]
[Black "Kosteniuk,A"]
[Result "1/2-1/2"]
[WhiteElo "2500"]
[BlackElo "2448"]

1.d4 Nf6 2.Nf3 e6 3.e3 b6 4.c4 Bb7 5.a3 d5 6.Nc3 g6 7.cxd5 Nxd5 8.Bb5+ c6
9.Bd3 Bg7 10.O-O O-O 11.Ne4 Qc7 12.Bd2 Nd7 13.Rc1 Rad8 14.Bc4 c5 15.Qe2 Qc6
16.Bd3 f5 17.Nc3 Nxc3 18.Bxc3 Qd6 19.Bc4 Qe7 20.Rfd1 Kh8 21.dxc5 Bxc3 22.Rxc3 Nxc5
23.b4 Qf6 24.Rcc1 Ne4 25.Nd4 Rd6 26.f3 Ng5 27.Nb5 Rxd1+ 28.Rxd1 a5 29.Nd6 Ba8
30.h4 Nf7 31.Nxf7+ Rxf7 32.Qd2 Kg7 33.Qd8 Qc3 34.Qd4+ Qxd4 35.Rxd4 axb4 36.axb4 e5
37.Rd8 Rc7 38.Bd5 Bxd5 39.Rxd5 Rc4 40.Rxe5 Rxb4 41.Re7+ Kg8 42.h5 gxh5 43.Re5 f4
44.e4 Kg7 45.Rxh5 b5 46.Rf5 Rb1+ 47.Kh2 b4 48.Rxf4 b3 49.Rf5 b2 50.Rb5 Kf6
51.Kg3 Ke6 52.Kf4 Kd6 53.e5+ Kc6 54.Rb8 Kd5 55.Kf5 Re1 56.Rb5+ Kd4 57.Rxb2 Rxe5+
58.Kf6 Re8 59.Rb7 h5 60.Rh7 Rg8 61.Rg7 Rh8 62.Re7 Rg8 63.Rg7 Rh8 64.f4 Ke3
65.f5 h4 66.Ke7 Kf4 67.f6 Ra8 68.f7 Ra7+ 69.Kd6 Ra6+ 70.Kd7 Ra7+ 71.Kc8 Ra8+
72.Kc7 Kf5 73.Rh7 Kg6 74.Rxh4  1/2-1/2

[Event "ACP Women Cup 2012"]
[Site "Tbilisi GEO"]
[Date "2012.02.20"]
[Round "8.1"]
[White "Dzagnidze,N"]
[Black "Chiburdanidze,M"]
[Result "1-0"]
[WhiteElo "2535"]
[BlackElo "2500"]

1.Nf3 e6 2.g3 d5 3.Bg2 Nf6 4.O-O Bd6 5.d3 O-O 6.Nbd2 Qe7 7.e4 dxe4 8.dxe4 e5
9.Nc4 Nxe4 10.Re1 f5 11.Nfxe5 Bc5 12.Nd3 Nc6 13.Be3 Bxe3 14.Nxe3 Qf7 15.c3 Be6
16.Qa4 Rae8 17.Nf4 Bc8 18.Rad1 Kh8 19.h4 Ne5 20.Qxa7 c6 21.Qa4 Nc5 22.Qd4 Ncd7
23.b3 Ng6 24.Nc4 Rxe1+ 25.Rxe1 Nxf4 26.Qxf4 Qf6 27.Qd4 Qxd4 28.cxd4 Nf6 29.Nd6 Kg8
30.Re7 f4 31.Nxc8 Rxc8 32.Rxb7  1-0

[Event "ACP Women Cup 2012"]
[Site "Tbilisi GEO"]
[Date "2012.02.21"]
[Round "9.6"]
[White "Chiburdanidze,M"]
[Black "Zatonskih,A"]
[Result "1/2-1/2"]
[WhiteElo "2500"]
[BlackElo "2506"]

1.d4 d5 2.Nf3 Nf6 3.c4 e6 4.e3 c5 5.cxd5 exd5 6.Bb5+ Bd7 7.Bxd7+ Nbxd7 8.dxc5 Nxc5
9.O-O Bd6 10.b3 Rc8 11.Bb2 Nce4 12.Qd3 O-O 13.Nc3 Bb4 14.Ne2 Qe7 15.h3 Ba3
16.Bd4 Bc5 17.Nf4 Bxd4 18.Qxd4 Qc5 19.Nd3 Qxd4 20.Nxd4 Rc3 21.Rfd1 a6 22.Nf4 g6
23.Nfe2 Rc7 24.Rac1 Rfc8 25.Rxc7 Rxc7 26.Rc1 Rxc1+ 27.Nxc1 Nc5 28.Kf1 Kf8
29.Ke2 Ke7 30.f3 Ne6 31.Nc2 Nd7 32.Kd3 Kd6 33.Ne2 h5 34.h4 Ne5+ 35.Kc3 f6
36.Ncd4 Nxd4 37.exd4 Nc6 38.Nf4 Ne7 39.g4 hxg4 40.fxg4 g5 41.hxg5 fxg5 42.Nh3 Ng8
43.Nxg5 Nh6 44.Kb4 b6 45.a4 Nxg4 46.a5 Kc6 47.Nf7 Ne3 48.Nd8+ Kd7 49.Nf7 Kc6
50.Ne5+ Kc7 51.axb6+ Kxb6 52.Nd7+ Kc6 53.Nc5 Kb6 54.Na4+ Kc6 55.Nc5 Kb6 56.Nd7+ Kc6  1/2-1/2

[Event "ACP Women Cup 2012"]
[Site "Tbilisi GEO"]
[Date "2012.02.21"]
[Round "10.2"]
[White "Kosintseva,N"]
[Black "Chiburdanidze,M"]
[Result "0-1"]
[WhiteElo "2537"]
[BlackElo "2500"]

1.e4 e6 2.d4 d5 3.Nc3 dxe4 4.Nxe4 Nd7 5.Nf3 Ngf6 6.Bd3 Nxe4 7.Bxe4 c5 8.O-O Qc7
9.c3 Bd6 10.Bc2 O-O 11.Qd3 Nf6 12.dxc5 Bxc5 13.Bg5 Rd8 14.Qe2 Bd7 15.Ne5 Bb5
16.c4 Be8 17.Rfe1 Bd4 18.Nf3 Bc5 19.Bxf6 gxf6 20.Qe4 f5 21.Qh4 Bf8 22.Rad1 Bg7
23.b3 h6 24.Nd4 Qc5 25.Ne2 Rxd1 26.Rxd1 Qe5 27.Nf4 Qf6 28.Qg3 Rd8 29.Rxd8 Qxd8
30.h3 Qg5 31.Qe3 Bc6 32.g3 Qf6 33.Qe1 Qb2 34.Bb1 Bd4 35.Nd3 Qa1 36.Qd1 Be4
37.Kf1 Kg7 38.Ke2 a5 39.f3 Bc6 40.Nf4 Kf8 41.Qc2 Be5 42.Qd3 Ke7 43.Kf2 Qb2+
44.Bc2 Qxa2 45.Ne2 Qa3 46.Qe3 Qb2 47.Bxf5 exf5 48.f4 Kf6 49.fxe5+ Qxe5 50.Qxh6+ Ke7
51.Qe3 f6 52.Nd4 Be4 53.h4 Kf7 54.h5 Kg7 55.h6+ Kh7 56.Ne2 Qb2 57.Qb6 Kxh6
58.Ke3 a4 59.Nd4 Kg6 60.Qd8 Qc3+ 61.Kf2 Qd2+ 62.Kf1 Qg2+ 63.Ke1 Qxg3+ 64.Kd1 Qd3+
65.Kc1 Qc3+ 66.Kd1 Bf3+ 67.Nxf3 Qxf3+ 68.Kd2 axb3 69.Qg8+ Kh5 70.Qh7+ Kg5
71.Qg7+ Kf4 72.Qc7+ Kg4 73.Qg7+ Kh3 74.Qxf6 f4 75.Kc1 Kg2 76.Kb2 Kf1 77.Qf7 Qe4
78.Kxb3 f3 79.Qf6 Qb1+ 80.Ka4 Qa2+ 81.Kb4 f2 82.Qf3 Qd2+ 83.Kb5 Ke1 84.Qg3 Kd1
85.Qf3+ Qe2 86.Qb3+ Kd2 87.Qb2+ Kd3 88.Qa3+ Ke4 89.Qe7+ Kf3 90.Qxb7+ Kg3
91.Qc7+ Kg4 92.Qg7+ Kf4 93.Qf6+ Ke4 94.Qg6+ Kd4 95.Qd6+ Ke3 96.Qe5+ Kd3 97.Qd6+ Kc2
98.Qg6+ Kb2 99.Qf6+ Kb1 100.Qf5+ Ka2 101.Kb4 f1=Q 102.Qa5+ Kb1  0-1

[Event "ACP Women Cup 2012"]
[Site "Tbilisi GEO"]
[Date "2012.02.21"]
[Round "11.5"]
[White "Chiburdanidze,M"]
[Black "Muzychuk,A"]
[Result "1/2-1/2"]
[WhiteElo "2500"]
[BlackElo "2580"]

1.d4 e6 2.c4 f5 3.g3 Nf6 4.Bg2 g6 5.Nf3 Bg7 6.b4 O-O 7.Bb2 d6 8.O-O Qe7 9.Qc2 Nbd7
10.Nc3 e5 11.dxe5 dxe5 12.c5 e4 13.Nd4 Ne5 14.Qb3+ Qf7 15.Ncb5 Nd5 16.Rad1 a6
17.Na3 c6 18.f3 exf3 19.exf3 f4 20.Nac2 Bd7 21.Rde1 Rae8 22.Re4 g5 23.Rfe1 h5
24.Bc1 Ng6 25.Rxe8 Rxe8 26.Rxe8+ Qxe8 27.Bf1 fxg3 28.hxg3 Qe5 29.Ne2 h4 30.f4 Qe4
31.fxg5 Kh8 32.Ne1 Qxb4 33.Qxb4 Nxb4 34.a3 Nd5 35.Nf3 hxg3 36.Nxg3 Ne5 37.Nxe5 Bxe5
38.Kg2 Bd4 39.Ne4 Ne3+ 40.Bxe3 Bxe3 41.Kf3 Bd4 42.Bc4 a5 43.a4 Kg7 44.Nd6 Bxc5
45.Nxb7 Bb4 46.Nd8 Be7 47.Ne6+ Kg6 48.Ke4 Bxe6 49.Bxe6 Kxg5  1/2-1/2

[Event "Women's World Rapid Championship 2012"]
[Site "Batumi GEO"]
[Date "2012.05.31"]
[Round "1.10"]
[White "Chiburdanidze,M"]
[Black "Lomineishvili,M"]
[Result "1-0"]
[WhiteElo "2500"]
[BlackElo "2366"]

1.d4 Nf6 2.Nf3 e6 3.c4 c5 4.e3 g6 5.Bd3 Bg7 6.O-O O-O 7.Nc3 d6 8.b3 b6 9.Bb2 Bb7
10.Qe2 Qe7 11.Rfd1 Nc6 12.d5 Nb4 13.dxe6 fxe6 14.Bb1 Rad8 15.a3 Nc6 16.Rd2 Ng4
17.Be4 Na5 18.Bxb7 Qxb7 19.Rad1 Nxb3 20.Rxd6 Rxd6 21.Rxd6 Qe7 22.Ne4 Bxb2
23.Qxb2 Na5 24.Qb5 Nf6 25.Nxf6+ Qxf6 26.Qa4 Qc3 27.h3 Qxc4 28.Qd7 Qc1+ 29.Kh2 Qc3
30.Qxe6+ Kh8 31.Ne5 Qc2 32.Nf7+ Kg7 33.Qe5+  1-0

[Event "Women's World Rapid Championship 2012"]
[Site "Batumi GEO"]
[Date "2012.05.31"]
[Round "2.6"]
[White "Pogonina,N"]
[Black "Chiburdanidze,M"]
[Result "0-1"]
[WhiteElo "2447"]
[BlackElo "2500"]

1.e4 e6 2.d4 d5 3.Nd2 dxe4 4.Nxe4 Nd7 5.Nf3 Ngf6 6.Nxf6+ Nxf6 7.Bd3 c5 8.dxc5 Bxc5
9.O-O O-O 10.Bg5 b6 11.Qe2 Bb7 12.Rad1 Qc7 13.Bxf6 gxf6 14.Be4 Rfd8 15.Bxb7 Qxb7
16.h3 Rac8 17.Nh2 f5 18.Qh5 Qe7 19.Nf3 Qf6 20.c3 Kg7 21.Rfe1 h6 22.Ne5 Rxd1
23.Qxd1 Rd8 24.Qe2 a5 25.a4 Rd5 26.Nd3 Bd6 27.f4 Qd8 28.Kh1 Qc7 29.Ne5 Bxe5
30.fxe5 Qd7 31.Qe3 Rd1 32.Rxd1 Qxd1+ 33.Kh2 Qxa4 34.Qxb6 Qf4+ 35.Kh1 Qxe5
36.c4 f4 37.Qf2 Qe3 38.Qc2 Kf8 39.c5 Qe1+ 40.Kh2 Qg3+ 41.Kh1 f3 42.gxf3 Qxh3+
43.Kg1 Qg3+ 44.Kh1 Qxf3+ 45.Kg1 Qg4+ 46.Kh1 Qh5+  0-1

[Event "Women's World Rapid Championship 2012"]
[Site "Batumi GEO"]
[Date "2012.05.31"]
[Round "3.2"]
[White "Chiburdanidze,M"]
[Black "Huang Qian"]
[Result "0-1"]
[WhiteElo "2500"]
[BlackElo "2417"]

1.d4 d6 2.Nf3 g6 3.g3 Bg7 4.Bg2 e5 5.dxe5 dxe5 6.Qxd8+ Kxd8 7.h4 h5 8.Ng5 Nh6
9.Na3 c6 10.Bd2 Kc7 11.Ba5+ b6 12.Bc3 f6 13.Ne4 Nf5 14.O-O-O Be6 15.Bh3 Nd7
16.Nd6 Nxd6 17.Bxe6 Nc5 18.Bh3 a5 19.f3 Rad8 20.b3 Bh6+ 21.Bd2 Bxd2+ 22.Rxd2 b5
23.c3 f5 24.Rhd1 Rhf8 25.Nc2 Ndb7 26.Rxd8 Nxd8 27.Ne1 Nde6 28.Nd3 Nxd3+ 29.exd3 Kd6
30.Rh1 b4 31.cxb4 axb4 32.Kb2 Nd4 33.Bg2 Ne2 34.Rh3 Ra8 35.g4 Nc3 36.a4 bxa3+
37.Ka1 Rb8 38.gxh5 gxh5  0-1

[Event "Women's World Rapid Championship 2012"]
[Site "Batumi GEO"]
[Date "2012.06.01"]
[Round "4.7"]
[White "Guo Qi"]
[Black "Chiburdanidze,M"]
[Result "1-0"]
[WhiteElo "2360"]
[BlackElo "2500"]

1.d4 e6 2.c4 f5 3.g3 Nf6 4.Bg2 c6 5.Nh3 d5 6.O-O Bd6 7.Bf4 Be7 8.Qc2 O-O
9.Nd2 Re8 10.Rad1 b6 11.Nf3 Ng4 12.Bc1 Bb7 13.Nf4 Bf8 14.h3 Nf6 15.g4 Ne4
16.Ne5 Nd7 17.Nfd3 Rc8 18.Bf4 Ndf6 19.f3 Nd6 20.c5 Nb5 21.e3 bxc5 22.Nxc5 Nd6
23.gxf5 exf5 24.Nxb7 Nxb7 25.Qxf5 c5 26.Ng4 Rc6 27.dxc5 Bxc5 28.Kh1 Nd6 29.Nxf6+ Qxf6
30.Qxd5+ Nf7 31.Bg5 Qg6 32.f4 Rcc8 33.e4 h6 34.Bh4 Be3 35.Qd3 Bb6 36.e5 Qxd3
37.Rxd3 g5 38.fxg5 Nxe5 39.Rg3 h5 40.g6 Bd8 41.Bd5+ Kg7 42.Rf7+  1-0

[Event "Women's World Rapid Championship 2012"]
[Site "Batumi GEO"]
[Date "2012.06.01"]
[Round "5.9"]
[White "Chiburdanidze,M"]
[Black "Khurtsidze,N"]
[Result "1/2-1/2"]
[WhiteElo "2500"]
[BlackElo "2456"]

1.d4 Nf6 2.Nf3 e6 3.e3 c5 4.Bd3 b6 5.O-O Bb7 6.b3 Be7 7.Bb2 O-O 8.c4 cxd4
9.exd4 d5 10.Nbd2 Nbd7 11.Qe2 Rc8 12.Rac1 Rc7 13.Rfd1 Qa8 14.Qe3 Rd8 15.Bf1 Rcc8
16.Bd3 Rc7 17.Bf1 Rcc8  1/2-1/2

[Event "Women's World Rapid Championship 2012"]
[Site "Batumi GEO"]
[Date "2012.06.01"]
[Round "6.13"]
[White "Kovalevskaya,E"]
[Black "Chiburdanidze,M"]
[Result "0-1"]
[WhiteElo "2417"]
[BlackElo "2500"]

1.c4 e6 2.Nf3 Nf6 3.g3 a6 4.Bg2 b5 5.cxb5 axb5 6.Nd4 Ra5 7.O-O c5 8.b4 cxb4
9.e4 Bb7 10.Re1 d5 11.e5 Nfd7 12.Nb3 Ra4 13.d4 Nc6 14.f4 g6 15.N1d2 Nb6 16.Nf3 Nc4
17.g4 h5 18.h3 hxg4 19.hxg4 N6a5 20.f5 gxf5 21.gxf5 Nxb3 22.Bg5 Qa5 23.axb3 Rxa1
24.Qxa1 Qxa1 25.Rxa1 Na3 26.Bf6 Rh5 27.fxe6 fxe6 28.Ng5 Bc8 29.Rc1 Bd7 30.Bf3 Rh6
31.Bg4 Be7 32.Nxe6 Rg6 33.Kf2 Bxf6 34.Nc7+ Kd8 35.Bxd7 Bh4+ 36.Kf3 Kxd7 37.Nxd5 Rg3+
38.Ke4 Rg4+ 39.Kd3 Bd8 40.Rh1 Rg3+ 41.Ke4 Rg4+ 42.Kd3 Rg3+ 43.Ke4 Nc2 44.Rh7+ Kc8
45.e6 Rg4+ 46.Kd3 Nxd4 47.e7 Bxe7 48.Nxe7+ Kd8 49.Ke3 Nxb3 50.Nc6+ Ke8 51.Ne5 Rg1
52.Ke4 Re1+ 53.Kd5 Rd1+ 54.Kc6 Nd4+ 55.Kc5 b3 56.Rh2 Nc2 57.Rh8+ Ke7 58.Nc6+ Kf7  0-1

[Event "Women's World Rapid Championship 2012"]
[Site "Batumi GEO"]
[Date "2012.06.02"]
[Round "7.9"]
[White "Chiburdanidze,M"]
[Black "Gunina,V"]
[Result "0-1"]
[WhiteElo "2500"]
[BlackElo "2530"]

1.d4 d5 2.Nf3 Nf6 3.c4 c6 4.e3 Bf5 5.Nc3 e6 6.Nh4 Bg6 7.Qb3 Qc7 8.Nxg6 hxg6
9.g3 Nbd7 10.cxd5 exd5 11.Bd2 Be7 12.Bg2 Nb6 13.Rd1 Qd7 14.Bc1 Qf5 15.f3 O-O-O
16.e4 Qh5 17.e5 Nfd7 18.Ne2 g5 19.h3 f6 20.f4 fxe5 21.fxe5 Rhf8 22.Rd3 Nc4
23.Rf3 Bb4+ 24.Kd1 Rxf3 25.Bxf3 Qg6 26.Qc2 Qf7 27.Bg4 Rf8 28.Qa4 Qe7 29.Qxa7 Kc7
30.a3 Ba5 31.b4 Bb6 32.Qa4 Ndxe5 33.dxe5 Nxe5 34.b5 Nd3 35.Kc2 Nf2 36.Rh2 d4
37.Kb1 d3 38.Nd4 Nxg4 39.hxg4 Qe4 40.Rd2 Bxd4 41.bxc6 bxc6 42.Qa5+ Kd7 43.Qb4 Rf1
44.Qb7+ Ke8 45.Qc8+ Kf7 46.Qd7+ Kg8 47.Qd8+ Rf8 48.Qd7 Rb8+ 49.Ka2 Bc3 50.Bb2 Qc4+  0-1

[Event "Women's World Rapid Championship 2012"]
[Site "Batumi GEO"]
[Date "2012.06.02"]
[Round "8.11"]
[White "Gvetadze,Sopi"]
[Black "Chiburdanidze,M"]
[Result "1/2-1/2"]
[WhiteElo "2338"]
[BlackElo "2500"]

1.e4 e6 2.d4 d5 3.exd5 exd5 4.Nf3 c6 5.Bd3 Bd6 6.O-O Bg4 7.Nbd2 Qc7 8.Re1+ Ne7
9.Nf1 Nd7 10.Bg5 f6 11.Bh4 O-O-O 12.h3 Bh5 13.Bg3 Rde8 14.Re6 Bxg3 15.Nxg3 Bf7
16.Re1 Ng6 17.Qd2 Nf4 18.Bf1 g6 19.Rxe8+ Rxe8 20.Re1 Rxe1 21.Qxe1 Nf8 22.Ne2 Nxe2+
23.Qxe2 Kd8 24.Qe3 Qe7 25.Qd2 g5 26.Qa5+ b6 27.Qc3 Be8 28.Qd2 Bd7 29.Ne1 Qe4
30.c3 h5 31.Qe2 Qxe2 32.Bxe2 h4 33.Kh2 Bf5 34.g3 hxg3+ 35.fxg3 Ke7 36.Ng2 Be4
37.h4 c5 38.hxg5 fxg5 39.Bg4 cxd4 40.cxd4 Nh7 41.Ne3 Nf6 42.Kg1 Kd6 43.Bd1 Ne8
44.Kf2 Nc7 45.Nf1 Bb1 46.a3 Ne6  1/2-1/2

[Event "Women's World Rapid Championship 2012"]
[Site "Batumi GEO"]
[Date "2012.06.02"]
[Round "9.12"]
[White "Chiburdanidze,M"]
[Black "Batsiashvili,N"]
[Result "0-1"]
[WhiteElo "2500"]
[BlackElo "2436"]

1.d4 g6 2.Nf3 f5 3.c4 Nf6 4.Nc3 Bg7 5.Bf4 O-O 6.e3 d6 7.h3 e6 8.Be2 Qe7 9.Bh2 c6
10.Qb3 Re8 11.O-O Nbd7 12.Rfd1 h6 13.Qa3 Bf8 14.Rac1 Kh7 15.Bd3 e5 16.dxe5 dxe5
17.Qxe7+ Rxe7 18.Bc2 e4 19.Nd4 Ne5 20.c5 Bd7 21.b4 Be8 22.b5 Nfd7 23.bxc6 bxc6
24.g4 fxg4 25.Nxe4 gxh3 26.f4 Ng4 27.Nxc6 Rxe4 28.Bxe4 Nxc5 29.Bf3 Nxe3 30.Re1 Nd3
31.Ne5 Nxe1 32.Rc7+ Bg7 33.Bxa8 a6 34.Be4 Nf5 35.Kf2 Ng2 36.Bd5 Nge3 37.Bf7 Bxf7
38.Rxf7 h5 39.Kf3 Nf1 40.Bg1 h2 41.Bxh2 Nxh2+ 42.Kg2 Ng4 43.Nxg4 hxg4 44.Ra7 g3
45.Rxa6 Bd4 46.Kh3 Bf2 47.Rc6 Ne3 48.Rc1 g2 49.Kh2 g1=Q+ 50.Rxg1 Bxg1+ 51.Kxg1 Nd5
52.a4 Nxf4 53.a5 Nd5 54.a6 g5 55.a7 Nb6  0-1

[Event "Women's World Rapid Championship 2012"]
[Site "Batumi GEO"]
[Date "2012.06.03"]
[Round "10.17"]
[White "Khukhashvili,S"]
[Black "Chiburdanidze,M"]
[Result "1/2-1/2"]
[WhiteElo "2414"]
[BlackElo "2500"]

1.e4 e6 2.d4 d5 3.Nd2 dxe4 4.Nxe4 Nd7 5.Nf3 Ngf6 6.Nxf6+ Nxf6 7.c3 Be7 8.Bd3 O-O
9.O-O b6 10.Qe2 Bb7 11.Rd1 Qd5 12.Bg5 h6 13.Bxf6 Bxf6 14.c4 Qc6 15.Qe3 Rfd8
16.Be2 Qe4 17.Rd2 Rd6 18.Rad1 Rad8 19.b4 Qxe3 20.fxe3 Bxf3 21.Bxf3 c5 22.bxc5 bxc5
23.d5 Be5  1/2-1/2

[Event "Women's World Rapid Championship 2012"]
[Site "Batumi GEO"]
[Date "2012.06.03"]
[Round "11.15"]
[White "Chiburdanidze,M"]
[Black "Krush,I"]
[Result "1/2-1/2"]
[WhiteElo "2500"]
[BlackElo "2457"]

1.d4 g6 2.Nf3 Bg7 3.c4 d6 4.Nc3 Bg4 5.e3 Nf6 6.Be2 O-O 7.O-O Re8 8.b3 e5
9.h3 Bf5 10.dxe5 Ne4 11.Nxe4 Bxe4 12.Bb2 Nd7 13.Nd2 Bc6 14.Bf3 Nxe5 15.Bxc6 Nxc6
16.Bxg7 Kxg7 17.Qf3 a5 18.Nb1 a4 19.Nc3 a3 20.Rad1 Ra5 21.Rd5 Rxd5 22.cxd5 Ne5
23.Qf4 c5 24.dxc6 bxc6 25.Qb4 Qf6 26.Rd1 d5 27.Qxa3 Nf3+ 28.gxf3 Qxc3 29.Qa4 Rxe3
30.fxe3 Qxe3+ 31.Kf1 Qxf3+ 32.Ke1 Qe3+ 33.Kf1 Qf3+  1/2-1/2

[Event "ch-EUR Women Blitz 2019"]
[Site "Monaco MNC"]
[Date "2019.11.29"]
[Round "1.3"]
[White "Chiburdanidze,M"]
[Black "Novkovic,J"]
[Result "1-0"]
[WhiteElo "2500"]
[BlackElo "2161"]

1.d4 Nf6 2.Nf3 g6 3.c4 Bg7 4.g3 d6 5.Bg2 O-O 6.Nc3 Nbd7 7.O-O c6 8.h3 Qc7
9.Qc2 e5 10.Rd1 Re8 11.dxe5 dxe5 12.Be3 b6 13.b4 Bb7 14.c5 bxc5 15.bxc5 Qa5
16.Nd2 Nxc5 17.Nc4 Qb4 18.Nd6 Nd5 19.Nxd5 cxd5 20.Bxc5 Rec8 21.Nxc8 Rxc8
22.Bxb4 Rxc2 23.Bxd5  1-0

[Event "ch-EUR Women Blitz 2019"]
[Site "Monaco MNC"]
[Date "2019.11.29"]
[Round "2.2"]
[White "Unuk,Laura"]
[Black "Chiburdanidze,M"]
[Result "0-1"]
[WhiteElo "2298"]
[BlackElo "2500"]

1.d4 e6 2.Nf3 d5 3.c4 c6 4.Qc2 f5 5.g3 Nf6 6.Bg2 Nbd7 7.O-O Bd6 8.Nc3 O-O
9.Rb1 b6 10.b4 Qe7 11.b5 Bb7 12.bxc6 Bxc6 13.cxd5 Nxd5 14.Bg5 Qe8 15.Nb5 Bxb5
16.Rxb5 Rc8 17.Qd2 N7f6 18.Rb3 Ne4 19.Qb2 Qa4 20.h4 Ndc3 21.a3 Nd5 22.Bd2 Rc4
23.e3 Rfc8 24.Qb1 Ndc3 25.Bxc3 Nxc3 26.Qb2 Ne4 27.Ne5 Rc2 28.Qb1 Nd2 29.Qd1 Qxb3
30.Re1 Bxe5 31.dxe5 Rd8 32.Qe2 Qd3 33.Qxd3 Rxd3 34.e4 fxe4 35.Bxe4 Nxe4 36.Rxe4 Rf3  0-1